| 000 | 00501nam a2200169 a 4500 | ||
|---|---|---|---|
| 001 | 1817 | ||
| 005 | 20140414131859.0 | ||
| 008 | 010327s19uu xx 00 eng d | ||
| 050 |
_aFIL 238 _bM99 |
||
| 100 | _aCleofe, M. C. V. | ||
| 245 |
_aMy little world (teacher's guide) : _bcatechesis for kindergarten classes / _cby M. C. V. Cleofe, SJGS. |
||
| 260 |
_aSta. Cruz, Manila : _bSaint Mary's, _c[n.d.] |
||
| 300 | _a25 p. ; cm. | ||
| 650 | _aCatechesis. | ||
| 650 | _aBeliefs. | ||
| 999 |
_c110598 _d110598 |
||